[Event "GER-ch 37th"]
[Site "Magdeburg"]
[Date "2019.05.30"]
[Round "6"]
[White "Pfreundt, Jakob"]
[Black "Kollars, Dmitrij"]
[Result "1/2-1/2"]
[WhiteElo "2392"]
[BlackElo "2561"]
[EventDate "2019.05.26"]
[PlyCount "81"]

1. d4 Nf6 2. Nf3 e6 3. c4 Bb4+ 4. Bd2 Qe7 5. e3 b6 6. Bxb4 Qxb4+ 7. Qd2 a5 8. a3 Qxd2+ 9. Nfxd2 Bb7 10. Nc3 Ke7 11. Rg1 d5 12. Rc1 dxc4 13. Nxc4 Nbd7 14. Be2 Rhc8 15. f3 Nd5 16. Kf2 c5 17. dxc5 Nxc3 18. Rxc3 Rxc5 19. Nxb6 Rxc3 20. bxc3 Nxb6 21. Rb1 Bxf3 22. Rxb6 Be4 23. Bf3 Bxf3 24. Kxf3 Rc8 25. Rb7+ Kf6 26. Rb5 a4 27. Rb4 Rxc3 28. Rxa4 g5 29. h4 h5 30. hxg5+ Kxg5 31. g4 h4 32. Ra5+ f5 33. gxf5 exf5 34. Ra8 h3 35. Rg8+ Kf6 36. Rh8 Rxa3 37. Rxh3 Ke5 38. Rh4 Ra1 39. Rb4 Rf1+ 40. Ke2 Rh1 41. Rb5+ 1/2-1/2

[Event "GER-ch 37th"]
[Site "Magdeburg"]
[Date "2019.05.30"]
[Round "7"]
[White "Huschenbeth, Niclas"]
[Black "Pfreundt, Jakob"]
[Result "1-0"]
[WhiteElo "2603"]
[BlackElo "2392"]
[EventDate "2019.05.26"]
[PlyCount "123"]

1. e4 e5 2. Nf3 Nc6 3. Bb5 a6 4. Ba4 Nf6 5. O-O Be7 6. Re1 b5 7. Bb3 d6 8. a4 Bb7 9. c3 O-O 10. d3 Na5 11. Bc2 c5 12. Nbd2 Re8 13. Nf1 Bf8 14. Ng3 g6 15. d4 cxd4 16. cxd4 exd4 17. axb5 axb5 18. Nxd4 Qb6 19. b3 Nc6 20. Rxa8 Bxa8 21. Be3 Qa5 22. Bd2 Qb6 23. Be3 Qa5 24. Nxc6 Bxc6 25. Bd2 Qa7 26. Bc3 Qe7 27. Qa1 Bg7 28. b4 Ra8 29. Qb2 Ne8 30. Bb3 Be5 31. f3 Rc8 32. Ne2 Bd7 33. f4 Bg7 34. Bxg7 Nxg7 35. Nc3 Bc6 36. Qf2 Qf6 37. Nd5 Bxd5 38. Bxd5 Ne6 39. f5 Nd4 40. Rd1 Nc6 41. fxg6 Qxf2+ 42. Kxf2 hxg6 43. Rc1 Ne7 44. Rxc8+ Nxc8 45. Bc6 Kg7 46. Bxb5 Nb6 47. h4 Kf6 48. Ke3 Ke5 49. Be8 d5 50. Bxf7 dxe4 51. g4 Kf6 52. Bg8 Ke5 53. b5 Nc8 54. Bf7 Nb6 55. Bxg6 Nd5+ 56. Kf2 Kf4 57. h5 e3+ 58. Ke2 Nc3+ 59. Ke1 Nxb5 60. h6 Nd4 61. h7 Nf3+ 62. Kd1 1-0

[Event "GER-ch 37th"]
[Site "Magdeburg"]
[Date "2019.05.30"]
[Round "7"]
[White "Kollars, Dmitrij"]
[Black "Roseneck, Jonas"]
[Result "1-0"]
[WhiteElo "2561"]
[BlackElo "2403"]
[EventDate "2019.05.26"]
[PlyCount "63"]

1. c4 g6 2. Nc3 c5 3. g3 Bg7 4. Bg2 Nc6 5. a3 e6 6. Rb1 Nge7 7. b4 d6 8. e3 O-O 9. Nge2 e5 10. O-O Rb8 11. d3 Be6 12. Bd2 Qd7 13. Ne4 cxb4 14. axb4 b5 15. c5 dxc5 16. Nxc5 Qc8 17. Nxe6 Qxe6 18. Qb3 Qd7 19. Rfd1 Rfd8 20. Be1 Nd5 21. Rbc1 Nce7 22. d4 exd4 23. Nxd4 Qe8 24. Rc5 Bxd4 25. Rxd4 Nb6 26. Rd1 Rxd1 27. Qxd1 Rd8 28. Qe2 Nc4 29. Bc3 Rc8 30. Rxc8 Qxc8 31. Qd3 Nf5 32. Bh3 1-0

[Event "GER-ch 37th"]
[Site "Magdeburg"]
[Date "2019.05.30"]
[Round "7"]
[White "Stern, Rene"]
[Black "Kvetny, Mark"]
[Result "1-0"]
[WhiteElo "2538"]
[BlackElo "2414"]
[EventDate "2019.05.26"]
[PlyCount "117"]

1. Nf3 Nf6 2. c4 d6 3. d4 Nbd7 4. Nc3 e5 5. e4 g6 6. Be2 Bg7 7. O-O O-O 8. d5 Nc5 9. Qc2 a5 10. Be3 b6 11. Nd2 Ng4 12. Bxg4 Bxg4 13. a3 a4 14. Bxc5 bxc5 15. Nxa4 Qg5 16. f3 Bd7 17. Nc3 Bh6 18. Rf2 Qh4 19. Nf1 f5 20. a4 g5 21. Re1 g4 22. fxg4 f4 23. Nd2 Bxg4 24. Nf3 Bxf3 25. gxf3 Kf7 26. Kh1 Rg8 27. Rg1 Rg3 28. Qe2 Bg5 29. Rfg2 h6 30. b3 Qh5 31. Rxg3 fxg3 32. Rxg3 Bf4 33. Rg4 Kf6 34. Nb5 Qf7 35. Qe1 Bg5 36. Qg3 Bf4 37. Qh3 Bg5 38. Rg2 Kg7 39. Qg4 Kh8 40. h4 Be3 41. Qg6 Qe7 42. Rg4 Bd2 43. Qe6 Qf8 44. Kg2 Re8 45. Qf5 Qe7 46. Qg6 Ra8 47. Qe6 Qxe6 48. dxe6 Ba5 49. h5 Kh7 50. Rg6 Bb6 51. Nc3 c6 52. Nd1 Bd8 53. Ne3 Rb8 54. Nf5 Bg5 55. Rxg5 hxg5 56. Nxd6 g4 57. e7 gxf3+ 58. Kf2 Rf8 59. exf8=R 1-0

[Event "GER-ch 37th"]
[Site "Magdeburg"]
[Date "2019.05.30"]
[Round "7"]
[White "Svane, Frederik"]
[Black "Graf, Alexander"]
[Result "0-1"]
[WhiteElo "2342"]
[BlackElo "2572"]
[EventDate "2019.05.26"]
[PlyCount "108"]

1. e4 c5 2. Nf3 e6 3. d4 cxd4 4. Nxd4 Nf6 5. Nc3 d6 6. g3 a6 7. Bg2 Qc7 8. O-O Nbd7 9. f4 h5 10. h3 Be7 11. a4 g6 12. f5 gxf5 13. exf5 e5 14. Ne6 fxe6 15. fxe6 Nf8 16. Rxf6 Bxf6 17. Nd5 Qg7 18. Qf3 Nh7 19. Qxh5+ Kd8 20. Bh6 Qg8 21. Rf1 Qxe6 22. Be3 Ng5 23. Qxh8+ Bxh8 24. Rf8+ Kd7 25. Bxg5 e4 26. Nb6+ Kc6 27. Nxa8 Bd4+ 28. Kh2 Bd7 29. c3 Bg7 30. Rf4 Qg8 31. Rxe4 d5 32. Rc4+ Kd6 33. Bf4+ Be5 34. Rd4 Bxf4 35. Rxd5+ Ke7 36. Rxd7+ Kxd7 37. Nb6+ Kd8 38. gxf4 Qb3 39. Nd5 Qxb2 40. f5 Qa2 41. f6 Ke8 42. Kg3 Qxa4 43. Bf3 Kf8 44. h4 a5 45. h5 Kf7 46. Kh3 Qc4 47. Kg3 a4 48. Ne3 Qxc3 49. Ng4 a3 50. h6 Kg6 51. Kf4 Qc1+ 52. Kg3 a2 53. Be4+ Kg5 54. h7 Qf4+ 0-1

[Event "GER-ch 37th"]
[Site "Magdeburg"]
[Date "2019.05.31"]
[Round "8"]
[White "Gungl, Theo"]
[Black "Trifan, Andrei Ioan"]
[Result "1-0"]
[WhiteElo "2331"]
[BlackElo "2268"]
[EventDate "2019.05.26"]
[PlyCount "79"]

1. d4 Nf6 2. c4 g6 3. Nc3 Bg7 4. e4 d6 5. Nf3 O-O 6. Be2 e5 7. d5 a5 8. Bg5 Na6 9. Nd2 Qe8 10. O-O Kh8 11. a3 Bd7 12. b3 Ng8 13. Rb1 f5 14. f3 Bh6 15. Bxh6 Nxh6 16. b4 axb4 17. axb4 Qe7 18. Rf2 f4 19. Qc2 g5 20. h3 Nf7 21. Nd1 c5 22. dxc6 bxc6 23. b5 Nc7 24. Nc3 Ne6 25. Nb3 Rfc8 26. Qd2 Be8 27. Rff1 h5 28. Rfd1 Rd8 29. Ra1 Rab8 30. Qe1 Nh6 31. Na5 Nd4 32. Nxc6 Bxc6 33. bxc6 Nxc6 34. Nb5 Nf7 35. Qd2 Rd7 36. Ra6 Rc8 37. c5 Nb8 38. cxd6 Nxa6 39. dxe7 Rxd2 40. Rxd2 1-0

[Event "GER-ch 37th"]
[Site "Magdeburg"]
[Date "2019.05.31"]
[Round "8"]
[White "Huschenbeth, Niclas"]
[Black "Stern, Rene"]
[Result "1-0"]
[WhiteElo "2603"]
[BlackElo "2538"]
[EventDate "2019.05.26"]
[PlyCount "129"]

1. e4 e5 2. Nf3 Nc6 3. Bb5 a6 4. Ba4 Nf6 5. O-O Be7 6. Re1 b5 7. Bb3 d6 8. c3 O-O 9. h3 Na5 10. Bc2 c5 11. d4 Qc7 12. d5 Bd7 13. b3 Ne8 14. Nbd2 g6 15. Nf1 Ng7 16. Bh6 Nb7 17. c4 b4 18. g4 f6 19. Ng3 Nd8 20. Be3 Nf7 21. Kh2 Kh8 22. Rg1 Rg8 23. Ne1 a5 24. a4 Raf8 25. Ng2 Qc8 26. Qd3 Rd8 27. Raf1 Bf8 28. Bc1 Ne8 29. f4 exf4 30. Nxf4 Ne5 31. Qe2 Bg7 32. Nf5 Bf8 33. Ne3 Nc7 34. h4 Bg7 35. Bb2 Rdf8 36. Bd1 Qe8 37. Rg3 Qe7 38. Kg2 Ne8 39. Bc2 Bh6 40. Rh3 Rg7 41. Bd1 Kg8 42. Kg1 Rgf7 43. Rg3 Nc7 44. Bc2 Bc8 45. Qg2 Kh8 46. Rf2 Bd7 47. Qh2 Kg8 48. Kf1 Bc8 49. Ke2 Bd7 50. Kd1 Ne8 51. Kc1 Bc8 52. Kb1 Bd7 53. Ka2 Bc8 54. Rg1 Bd7 55. Qg3 Kh8 56. g5 Bg7 57. Rh1 Kg8 58. Qh2 fxg5 59. hxg5 Bh8 60. Qh4 h5 61. Nf5 gxf5 62. Qxh5 Rh7 63. Ng6 Nxg6 64. Qxg6+ Rg7 65. exf5 1-0

[Event "GER-ch 37th"]
[Site "Magdeburg"]
[Date "2019.05.31"]
[Round "8"]
[White "Pajeken, Jakob Leon"]
[Black "Schulz, Lukas"]
[Result "1/2-1/2"]
[WhiteElo "2359"]
[BlackElo "2302"]
[EventDate "2019.05.26"]
[PlyCount "89"]

1. d4 Nf6 2. Nf3 g6 3. g3 Bg7 4. Bg2 O-O 5. c4 d6 6. Nc3 Nc6 7. O-O e5 8. dxe5 dxe5 9. Bg5 Be6 10. Qa4 Qe8 11. Nd2 Nd4 12. Qxe8 Raxe8 13. e3 Nc6 14. Nd5 Bxd5 15. cxd5 Nb4 16. Rfc1 Nfxd5 17. Bxd5 Nxd5 18. e4 f6 19. exd5 fxg5 20. Rxc7 e4 21. Nc4 Rc8 22. Rxc8 Rxc8 23. Ne3 Bxb2 24. Rb1 Rc1+ 25. Rxc1 Bxc1 26. Nc4 Kf8 27. Nd6 e3 28. Kf1 Ke7 29. Nxb7 g4 30. Na5 Kd6 31. Nb3 Ba3 32. fxe3 Kxd5 33. Ke2 h5 34. Kd3 Bd6 35. e4+ Ke5 36. a4 a6 37. Nd4 Bc5 38. Nc6+ Kd6 39. Nd4 Bb6 40. Ne2 Bc5 41. Nd4 Ke5 42. Nc6+ Ke6 43. Nd4+ Kd6 44. Kc4 Bb6 45. Kd3 1/2-1/2

[Event "GER-ch 37th"]
[Site "Magdeburg"]
[Date "2019.06.01"]
[Round "9"]
[White "Kollars, Dmitrij"]
[Black "Winterberg, Lukas"]
[Result "1-0"]
[WhiteElo "2561"]
[BlackElo "2376"]
[EventDate "2019.05.26"]
[PlyCount "87"]

1. e4 e6 2. d4 d5 3. Nc3 Bb4 4. exd5 exd5 5. Bd3 Nf6 6. Nge2 O-O 7. O-O Nc6 8. Bg5 Be7 9. a3 Be6 10. Nf4 Nxd4 11. Bxh7+ Nxh7 12. Bxe7 Qxe7 13. Qxd4 c6 14. Rfe1 Rfe8 15. Re5 Qd7 16. Nd3 f6 17. Re3 b6 18. b4 Bf7 19. Rg3 Re7 20. a4 Rae8 21. h4 Re4 22. Nxe4 Rxe4 23. Qc3 Rxh4 24. a5 Ng5 25. axb6 axb6 26. f3 Qd6 27. Ra8+ Kh7 28. Ne5 fxe5 29. Rxg5 d4 30. Qe1 Rh1+ 31. Kxh1 Qh6+ 32. Kg1 Qxg5 33. Ra1 Bg6 34. Qe2 c5 35. bxc5 bxc5 36. Re1 Qh4 37. Qxe5 Bxc2 38. Re2 Bg6 39. g3 Qd8 40. Qe6 Qg5 41. Rh2+ Bh5 42. g4 Qc1+ 43. Kf2 g6 44. gxh5 1-0

[Event "GER-ch 37th"]
[Site "Magdeburg"]
[Date "2019.06.01"]
[Round "9"]
[White "Stern, Rene"]
[Black "Graf, Alexander"]
[Result "0-1"]
[WhiteElo "2538"]
[BlackElo "2572"]
[EventDate "2019.05.26"]
[PlyCount "82"]

1. Nf3 Nf6 2. c4 e6 3. Nc3 Bb4 4. Qc2 c5 5. g3 Nc6 6. Bg2 O-O 7. O-O Qe7 8. a3 Ba5 9. d3 h6 10. Rb1 Re8 11. Bd2 d6 12. Na4 Bxd2 13. Nxd2 Bd7 14. e3 Rac8 15. Nc3 Red8 16. Rfc1 b6 17. Qd1 d5 18. cxd5 exd5 19. Nxd5 Nxd5 20. Bxd5 Ne5 21. Qb3 Bc6 22. e4 Bxd5 23. exd5 Qd7 24. d4 cxd4 25. Rxc8 Qxc8 26. Re1 Qf5 27. Re4 Rxd5 28. f4 Nd7 29. Qc4 d3 30. Rd4 Rxd4 31. Qxd4 Nc5 32. b4 Ne6 33. Qe4 Qxe4 34. Nxe4 Nd4 35. Kf1 Nc2 36. Nf2 Nxa3 37. Nxd3 f5 38. Ke2 Kf7 39. Ke3 Ke6 40. Kd4 Nc2+ 41. Kc3 Ne3 0-1